Comedias completas

Αποθηκεύτηκε σε:
Λεπτομέρειες βιβλιογραφικής εγγραφής
Κύριος συγγραφέας: Fernández de Moratín, Leandro (Συγγραφέας)
Μορφή: Βιβλίο
Γλώσσα:Ισπανικά
Έκδοση: Barcelona Iberia 1957
Σειρά:Obras Maestras
Θέματα:
Ετικέτες: Προσθήκη ετικέτας
Δεν υπάρχουν, Καταχωρήστε ετικέτα πρώτοι!

MARC

LEADER 00000nam a2200000 a 4500
001 UCN8305
003 CL-VaPUC
008 011109e19570000SP |||||||||||||||||spa|d
082 0 4 |a 862  |b FER  |2 21 
100 0 |a Fernández de Moratín, Leandro  |e author  |9 321783 
245 1 0 |a Comedias completas 
246 1 3 |a El viejo y la niña 
246 1 3 |a La comedia nueva 
246 1 3 |a El barón 
246 1 3 |a La mojigata 
246 1 3 |a El sí de las niñas 
300 |a 365 p 
942 |c BK 
945 |d 20011109 00:00:00  |a cmena 
260 |a Barcelona  |b Iberia  |c 1957 
650 0 |a Teatro español  |9 265077 
650 0 |a Dramas españoles  |9 267081 
650 7 |a COMEDIAS ESPAÑOLAS  |2 CL-VaPUC  |9 464643 
583 |a last modification  |c 20011109 00:00:00  |k Rodrigo Vera 
490 0 |a Obras Maestras 
999 |c 298319  |d 298317 
952 |0 0  |1 0  |4 0  |6 862_000000000000000_FER_1957  |7 0  |8 A  |9 353828  |a BIBART  |b BIBART  |d 2019-11-21  |i 3748928  |o 862 FER 1957  |p 3748928  |r 2025-03-13  |w 2019-11-21  |y BK  |k ART